[Event "1st Novi Sad it"]
[Site "Novi Sad"]
[Date "1972.10.23"]
[EventDate "1972.10.23"]
[Round "1.1"]
[White "Rakic, Tomislav"]
[Black "Lein, Anatoly"]
[Result "0-1"]
[WhiteElo "2440"]
[BlackElo "2530"]
[PlyCount "42"]
[Source "Perpetual Check"]

1. d4 Nf6 2. Nf3 e6 3. Bf4 b6 4. Nbd2 Bb7 5. e3 Be7 6. Bd3 O-O 7. Ng5 d6 8. h4
Nbd7 9. Ndf3 c5 10. c3 h6 11. e4 cxd4 12. cxd4 Rc8 13. Qe2 e5 14. dxe5 dxe5 15.
Nxe5 Nxe5 16. Bxe5 Bb4+ 17. Kf1 Re8 18. f4 hxg5 19. hxg5 Rxe5 20. Rd1 Nxe4 21.
Bxe4 Rxe4 0-1

[Event "1st Novi Sad it"]
[Site "Novi Sad"]
[Date "1972.10.23"]
[EventDate "1972.10.23"]
[Round "1.3"]
[White "Planinc, Albin"]
[Black "Lengyel, Levente"]
[Result "1-0"]
[WhiteElo "2520"]
[BlackElo "2455"]
[PlyCount "67"]
[Source "Perpetual Check"]

1. b3 e5 2. Bb2 Nc6 3. e3 d5 4. Bb5 Bd6 5. f4 Qh4+ 6. g3 Qe7 7. Nf3 Bg4 8. h3
Bxf3 9. Qxf3 Nf6 10. Nc3 a6 11. Bxc6+ bxc6 12. O-O-O Nd7 13. Kb1 a5 14. fxe5
Nxe5 15. Qg2 O-O 16. d4 Nc4 17. bxc4 Ba3 18. c5 Rfb8 19. Na4 Bxb2 20. Nxb2 Rb7
21. Ka1 a4 22. Qd2 Qg5 23. g4 Re8 24. Nd3 Rxe3 25. Rb1 Rxb1+ 26. Rxb1 h6 27. h4
Qe7 28. Qf2 Qe4 29. Rb8+ Kh7 30. Qxf7 Qxd4+ 31. Kb1 Qxg4 32. h5 Qe6 33. Qf8
Re1+ 34. Kb2 1-0

[Event "1st Novi Sad it"]
[Site "Novi Sad"]
[Date "1972.10.23"]
[EventDate "1972.10.23"]
[Round "1.5"]
[White "Byrne, Donald"]
[Black "Deze, Anton"]
[Result "1/2-1/2"]
[WhiteElo "2470"]
[BlackElo "2395"]
[PlyCount "84"]
[Source "Perpetual Check"]

1. g3 c5 2. c4 g6 3. Bg2 Bg7 4. Nc3 Nc6 5. d3 e5 6. a3 Nge7 7. Rb1 a5 8. Nf3 d6
9. O-O O-O 10. Bd2 Rb8 11. Ne1 Be6 12. Nc2 d5 13. cxd5 Nxd5 14. Ne4 b6 15. b4
axb4 16. axb4 Ndxb4 17. Nxb4 Nxb4 18. Bxb4 cxb4 19. Rxb4 f5 20. Nc3 Rf7 21. Nb5
Bf8 22. Rb1 h5 23. Qa4 Bc5 24. Rfd1 Bd5 25. d4 exd4 26. Nxd4 Bxg2 27. Kxg2 Qe8
28. Qa2 Ra8 29. Qe6 Qxe6 30. Nxe6 Re7 31. Nxc5 bxc5 32. e3 Rc8 33. Rd6 Kh7 34.
Rbb6 c4 35. Rxg6 c3 36. Rh6+ Kg7 37. Rxh5 Rec7 38. Rg5+ Kh7 39. Rh5+ Kg7 40.
Rg5+ Kh7 41. Rh5+ Kg7 42. Rg5+ Kh7 1/2-1/2

[Event "1st Novi Sad it"]
[Site "Novi Sad"]
[Date "1972.10.23"]
[EventDate "1972.10.23"]
[Round "1.6"]
[White "Maric, Rudolf"]
[Black "Masic, Ljubomir"]
[Result "1/2-1/2"]
[WhiteElo "2425"]
[BlackElo "2390"]
[PlyCount "46"]
[Source "Perpetual Check"]

1. e4 c5 2. c3 d5 3. exd5 Qxd5 4. d4 Nc6 5. Be3 cxd4 6. cxd4 e5 7. Nc3 Bb4 8.
dxe5 Bxc3+ 9. bxc3 Qxe5 10. Qb3 Be6 11. Qa3 Nge7 12. Nf3 Qc7 13. Ng5 Bf5 14.
Bc4 O-O 15. O-O Ne5 16. Bb3 h6 17. Bc5 hxg5 18. Bxe7 Rfe8 19. Bd6 Qc6 20. Rad1
Be6 21. Bxe5 Bxb3 22. axb3 Rxe5 23. c4 b5 1/2-1/2

[Event "1st Novi Sad it"]
[Site "Novi Sad"]
[Date "1972.10.23"]
[EventDate "1972.10.23"]
[Round "1.8"]
[White "Ivkov, Borislav"]
[Black "Minev, Nikolai"]
[Result "1/2-1/2"]
[WhiteElo "2520"]
[BlackElo "2430"]
[PlyCount "81"]
[Source "Perpetual Check"]

1. c4 Nf6 2. Nc3 c6 3. e4 e5 4. Nf3 d6 5. d4 Nbd7 6. Be2 Be7 7. O-O O-O 8. Qc2
Qc7 9. Rd1 Re8 10. b4 a5 11. b5 c5 12. dxe5 dxe5 13. Bb2 Bf8 14. Nd2 Nb6 15.
Nf1 Be6 16. Ne3 Rad8 17. Ncd5 Bxd5 18. cxd5 Nfd7 19. Bg4 Bd6 20. Bc3 Ra8 21.
Rac1 Nf8 22. Qd2 Nbd7 23. Nc4 b6 24. Re1 f6 25. g3 Re7 26. Rcd1 Ng6 27. h4 Nh8
28. Qd3 Nf7 29. Rf1 Rae8 30. Ne3 Nh6 31. Be6+ Kh8 32. Bd2 Nf8 33. Nc4 Nf7 34.
Bh3 Rd8 35. Bc3 Rde8 36. a4 Rb8 37. h5 Rd8 38. Rde1 Ra8 39. Qd2 Ng5 40. Bg4 Nf7
41. f4 1/2-1/2

[Event "1st Novi Sad it"]
[Site "Novi Sad"]
[Date "1972.10.24"]
[EventDate "1972.10.23"]
[Round "2.1"]
[White "Lein, Anatoly"]
[Black "Minev, Nikolai"]
[Result "1-0"]
[WhiteElo "2530"]
[BlackElo "2430"]
[PlyCount "73"]
[Source "Perpetual Check"]

1. e4 c5 2. Nf3 Nc6 3. d4 cxd4 4. Nxd4 Nf6 5. Nc3 e5 6. Ndb5 d6 7. Nd5 Nxd5 8.
exd5 Nb8 9. c4 a6 10. Nc3 Be7 11. Bd3 O-O 12. O-O Nd7 13. Qc2 g6 14. Bh6 Re8
15. Be3 f5 16. f3 Bf6 17. Rae1 Bg7 18. Kh1 Rf8 19. Qe2 b6 20. a3 Bb7 21. Rc1
Kh8 22. Qd2 Rf7 23. b4 Rb8 24. Bc2 Bf6 25. Ba4 Ba8 26. Bc6 Qc7 27. b5 a5 28.
Na4 Bd8 29. f4 e4 30. Bd4+ Kg8 31. h3 Bb7 32. Bxd7 Qxd7 33. Bxb6 Bxd5 34. Bxd8
Bxc4 35. Rxc4 Qxb5 36. Rfc1 Rxd8 37. Rd4 1-0

[Event "1st Novi Sad it"]
[Site "Novi Sad"]
[Date "1972.10.24"]
[EventDate "1972.10.23"]
[Round "2.2"]
[White "Radulov, Ivan"]
[Black "Ivkov, Borislav"]
[Result "1/2-1/2"]
[WhiteElo "2490"]
[BlackElo "2520"]
[PlyCount "28"]
[Source "Perpetual Check"]

1. e4 c6 2. d4 d5 3. Nc3 dxe4 4. Nxe4 Nf6 5. Nxf6+ exf6 6. Bc4 Bd6 7. Qe2+ Qe7
8. Qxe7+ Kxe7 9. Ne2 Bf5 10. c3 Nd7 11. Bf4 Be6 12. Bxe6 fxe6 13. O-O-O Bxf4+
14. Nxf4 Kf7 1/2-1/2

[Event "1st Novi Sad it"]
[Site "Novi Sad"]
[Date "1972.10.24"]
[EventDate "1972.10.23"]
[Round "2.4"]
[White "Deze, Anton"]
[Black "Maric, Rudolf"]
[Result "0-1"]
[WhiteElo "2395"]
[BlackElo "2425"]
[PlyCount "118"]
[Source "Perpetual Check"]

1. c4 f5 2. g3 Nf6 3. Bg2 e6 4. Nf3 Be7 5. O-O O-O 6. d4 c6 7. b3 a5 8. Ba3 Ne4
9. Bxe7 Qxe7 10. Nbd2 Nxd2 11. Qxd2 d6 12. Qb2 Nd7 13. Rfe1 e5 14. c5 e4 15.
cxd6 Qxd6 16. Nd2 Nb6 17. e3 Be6 18. Rac1 Rfd8 19. Nc4 Qb4 20. Nxb6 Qxb6 21.
Bf1 a4 22. Bc4 Bxc4 23. Rxc4 axb3 24. Qxb3 Qxb3 25. axb3 Rd5 26. Ra4 Raa5 27.
Rea1 Rab5 28. b4 Rb6 29. Rc1 Kf7 30. Rc5 Ke6 31. Kf1 g5 32. h3 h5 33. h4 gxh4
34. gxh4 f4 35. Kg2 Kf5 36. Raa5 fxe3 37. fxe3 Rxb4 38. Rxd5+ cxd5 39. Rxd5+
Kg4 40. Rg5+ Kxh4 41. Re5 Rb2+ 42. Kf1 Kg4 43. d5 Kf3 44. Rf5+ Kxe3 45. Rxh5
Rf2+ 46. Ke1 Rf7 47. d6 Kd4 48. Ke2 Rd7 49. Rb5 Kc4 50. Rb1 b5 51. Rd1 Kc5 52.
Ke3 Rxd6 53. Rc1+ Kb6 54. Rb1 Re6 55. Rh1 b4 56. Rh5 b3 57. Rg5 b2 58. Rg1 Kc5
59. Kd2 e3+ 0-1

[Event "1st Novi Sad it"]
[Site "Novi Sad"]
[Date "1972.10.24"]
[EventDate "1972.10.23"]
[Round "2.5"]
[White "Rossolimo, Nicolas"]
[Black "Byrne, Donald"]
[Result "1/2-1/2"]
[WhiteElo "2450"]
[BlackElo "2470"]
[PlyCount "33"]
[Source "Perpetual Check"]

1. e4 c5 2. Nc3 Nc6 3. f4 g6 4. Nf3 Bg7 5. Bb5 Nd4 6. Nxd4 cxd4 7. Ne2 e6 8. c3
Qb6 9. Qb3 dxc3 10. bxc3 Nf6 11. e5 Ne4 12. d4 f5 13. exf6 Nxf6 14. O-O a6 15.
Bd3 Qxb3 16. axb3 b6 17. Ng3 1/2-1/2

[Event "1st Novi Sad it"]
[Site "Novi Sad"]
[Date "1972.10.25"]
[EventDate "1972.10.23"]
[Round "3.2"]
[White "Planinc, Albin"]
[Black "Rakic, Tomislav"]
[Result "1-0"]
[WhiteElo "2520"]
[BlackElo "2440"]
[PlyCount "63"]
[Source "Perpetual Check"]

1. b3 e5 2. Bb2 Nc6 3. e3 d5 4. Bb5 Bd6 5. Nf3 f6 6. O-O Nge7 7. c4 a6 8. Bxc6+
bxc6 9. Qc1 e4 10. Ne1 O-O 11. f4 Nf5 12. Nc3 Be6 13. Nc2 h5 14. Qd1 Qe8 15.
cxd5 cxd5 16. d3 Qg6 17. dxe4 dxe4 18. Qe2 Nh4 19. Qf2 Nf5 20. Nxe4 Rfe8 21.
Rae1 h4 22. Re2 Bd5 23. Nc3 Bb7 24. e4 Ng3 25. hxg3 hxg3 26. Qe3 Bxe4 27. Nxe4
Rxe4 28. Qxe4 Qh5 29. Qe6+ Kf8 30. Qh3 Qxe2 31. Qh8+ Kf7 32. Qxa8 1-0

[Event "1st Novi Sad it"]
[Site "Novi Sad"]
[Date "1972.10.25"]
[EventDate "1972.10.23"]
[Round "3.4"]
[White "Byrne, Donald"]
[Black "Lengyel, Levente"]
[Result "0-1"]
[WhiteElo "2470"]
[BlackElo "2455"]
[PlyCount "68"]
[Source "Perpetual Check"]

1. g3 d5 2. Nf3 c6 3. Bg2 Bg4 4. b3 e6 5. Bb2 Nf6 6. O-O Be7 7. d3 O-O 8. c4
Nbd7 9. Nc3 Bd6 10. Qd2 Bxf3 11. Bxf3 d4 12. Ne4 Nxe4 13. Bxe4 Qb6 14. Rab1 a5
15. Qg5 Nf6 16. Bg2 e5 17. Bc1 Nd7 18. Qf5 Nc5 19. a3 Qc7 20. h4 g6 21. Qh3 Ne6
22. h5 Qe7 23. hxg6 hxg6 24. Ra1 f5 25. Bf3 Rf7 26. Qh6 Qf6 27. Kg2 Rh7 28. Qd2
Nc5 29. Rb1 e4 30. dxe4 fxe4 31. Bg4 Qh8 32. Rg1 Rh2+ 33. Kf1 Rxf2+ 34. Ke1 Qh2
0-1

[Event "1st Novi Sad it"]
[Site "Novi Sad"]
[Date "1972.10.25"]
[EventDate "1972.10.23"]
[Round "3.7"]
[White "Ivkov, Borislav"]
[Black "Masic, Ljubomir"]
[Result "1-0"]
[WhiteElo "2520"]
[BlackElo "2390"]
[PlyCount "84"]
[Source "Perpetual Check"]

1. c4 c5 2. Nc3 g6 3. g3 Bg7 4. Bg2 Nc6 5. a3 e5 6. Rb1 a5 7. e3 Nge7 8. Nge2
d6 9. O-O O-O 10. d3 Rb8 11. Bd2 b6 12. Qc2 Bb7 13. Nd5 Nxd5 14. Bxd5 Qd7 15.
Qa4 Rfd8 16. Nc3 Ne7 17. Qxd7 Rxd7 18. Bxb7 Rbxb7 19. b4 axb4 20. axb4 cxb4 21.
Nd5 b5 22. Bxb4 bxc4 23. Nxe7+ Rxe7 24. Bxd6 Red7 25. Rxb7 Rxb7 26. dxc4 Rd7
27. c5 Bf8 28. Bxf8 Kxf8 29. g4 Ke7 30. Kg2 Rd5 31. Rc1 Kd7 32. c6+ Kc7 33. Kf3
h5 34. gxh5 e4+ 35. Kxe4 Rxh5 36. f4 Rxh2 37. Ke5 Rh5+ 38. Kf6 Rf5+ 39. Kg7 g5
40. Rc4 g4 41. Rc1 Rh5 42. Kxf7 g3 1-0

[Event "1st Novi Sad it"]
[Site "Novi Sad"]
[Date "1972.10.25"]
[EventDate "1972.10.23"]
[Round "3.8"]
[White "Minev, Nikolai"]
[Black "Radulov, Ivan"]
[Result "1/2-1/2"]
[WhiteElo "2430"]
[BlackElo "2490"]
[PlyCount "36"]
[Source "Perpetual Check"]

1. e4 e6 2. d4 d5 3. exd5 exd5 4. Bd3 Bd6 5. Qf3 Ne7 6. Ne2 O-O 7. Nbc3 c6 8.
O-O b6 9. Bf4 Ba6 10. Bxa6 Nxa6 11. Bxd6 Qxd6 12. Nd1 Nc7 13. c3 Rae8 14. Ne3
Ne6 15. Qg3 Qxg3 16. hxg3 g6 17. Nf4 Nc8 18. Rfe1 Nd6 1/2-1/2

[Event "1st Novi Sad it"]
[Site "Novi Sad"]
[Date "1972.10.26"]
[EventDate "1972.10.23"]
[Round "4.1"]
[White "Lein, Anatoly"]
[Black "Radulov, Ivan"]
[Result "1-0"]
[WhiteElo "2530"]
[BlackElo "2490"]
[PlyCount "101"]
[Source "Perpetual Check"]

1. e4 c5 2. Nf3 Nc6 3. d4 cxd4 4. Nxd4 Nf6 5. Nc3 d6 6. Bg5 Bd7 7. Qd2 Nxd4 8.
Qxd4 Qa5 9. Bd2 e5 10. Qe3 Rc8 11. Bd3 a6 12. O-O Be7 13. Qg3 Nh5 14. Qf3 Nf6
15. a4 Be6 16. Qe2 Qc7 17. a5 O-O 18. Rfe1 h6 19. Na4 Nd7 20. Bb4 f5 21. exf5
Bxf5 22. Bxf5 Rxf5 23. Nc3 Nf6 24. Qd3 e4 25. Qh3 Rh5 26. Qe6+ Kh8 27. Rad1 d5
28. Bxe7 Qxh2+ 29. Kf1 Rc6 30. Qf7 Rg5 31. Bc5 Qxg2+ 32. Ke2 e3 33. Bxe3 Qg4+
34. Kd2 d4 35. Kc1 dxe3 36. Rxe3 Rxa5 37. Rd8+ Kh7 38. Rg3 Ra1+ 39. Nb1 Qf4+
40. Rd2 Qxd2+ 41. Kxd2 Ne4+ 42. Kc1 Nxg3 43. fxg3 Rf6 44. Qc4 Ra5 45. Qd3+ Rg6
46. Nc3 Re5 47. Ne2 Rxe2 48. Qxe2 Rxg3 49. Qe4+ Rg6 50. Qf5 b5 51. c3 1-0

[Event "1st Novi Sad it"]
[Site "Novi Sad"]
[Date "1972.10.26"]
[EventDate "1972.10.23"]
[Round "4.2"]
[White "Masic, Ljubomir"]
[Black "Minev, Nikolai"]
[Result "0-1"]
[WhiteElo "2390"]
[BlackElo "2430"]
[PlyCount "66"]
[Source "Perpetual Check"]

1. Nf3 Nf6 2. c4 e6 3. g3 d5 4. Bg2 c6 5. Qc2 Nbd7 6. O-O Be7 7. d4 O-O 8. b3
b6 9. Bb2 a5 10. Nbd2 Ba6 11. e4 Rc8 12. Rac1 c5 13. exd5 exd5 14. Qb1 dxc4 15.
Nxc4 Bb7 16. Rfd1 Be4 17. Qa1 Qc7 18. Re1 Rfe8 19. Re3 cxd4 20. Ncd2 dxe3 21.
Rxc7 exf2+ 22. Kxf2 Rxc7 23. Nxe4 Nxe4+ 24. Kg1 Bf6 25. Bxf6 Ndxf6 26. Qb2 Rec8
27. Ne1 Rc1 28. Kf1 h6 29. Bh3 R8c3 30. Qe2 g6 31. Bg2 Nc5 32. Kf2 Nd3+ 33.
Nxd3 R1c2 0-1

[Event "1st Novi Sad it"]
[Site "Novi Sad"]
[Date "1972.10.26"]
[EventDate "1972.10.23"]
[Round "4.3"]
[White "Deze, Anton"]
[Black "Ivkov, Borislav"]
[Result "1/2-1/2"]
[WhiteElo "2395"]
[BlackElo "2520"]
[PlyCount "31"]
[Source "Perpetual Check"]

1. d4 g6 2. c4 c5 3. d5 Bg7 4. Nc3 d6 5. e4 Nf6 6. Be2 e5 7. Bg5 Nbd7 8. Qd2 h6
9. Be3 h5 10. f3 Ng8 11. Nh3 Bh6 12. g3 a6 13. Nf2 Rb8 14. Bxh6 Nxh6 15. h4 Nf6
16. a4 1/2-1/2

[Event "1st Novi Sad it"]
[Site "Novi Sad"]
[Date "1972.10.26"]
[EventDate "1972.10.23"]
[Round "4.5"]
[White "Lengyel, Levente"]
[Black "Maric, Rudolf"]
[Result "1-0"]
[WhiteElo "2455"]
[BlackElo "2425"]
[PlyCount "94"]
[Source "Perpetual Check"]

1. g3 f5 2. Bg2 Nf6 3. d4 e6 4. Nf3 d5 5. O-O Bd6 6. c4 c6 7. Qc2 O-O 8. Nbd2
Bd7 9. Ne1 Be8 10. Nd3 Nbd7 11. Nf3 Bh5 12. c5 Bc7 13. Bf4 Bxf4 14. Nxf4 Qe7
15. Nd3 h6 16. b4 g5 17. b5 Rfc8 18. bxc6 Rxc6 19. Qa4 Ne4 20. Rfc1 Rc7 21.
Rab1 Be8 22. Qa5 Qd8 23. Qa3 Rac8 24. Nfe5 Nxe5 25. Nxe5 b6 26. cxb6 Rxc1+ 27.
Rxc1 Rxc1+ 28. Qxc1 axb6 29. Bxe4 dxe4 30. Qc4 Qd6 31. Qc8 Kf8 32. e3 b5 33. h4
gxh4 34. gxh4 Ke7 35. Kg2 Qd8 36. Qb7+ Kf8 37. Qa6 Qf6 38. Qc8 Qg7+ 39. Kf1 Ke7
40. Qc5+ Kf6 41. d5 Qb7 42. d6 b4 43. Qc7 Bb5+ 44. Kg2 Ba6 45. Nd7+ Kf7 46. Qd8
Qb5 47. Qf8+ Kg6 1-0

[Event "1st Novi Sad it"]
[Site "Novi Sad"]
[Date "1972.10.26"]
[EventDate "1972.10.23"]
[Round "4.6"]
[White "Benko, Pal"]
[Black "Byrne, Donald"]
[Result "1/2-1/2"]
[WhiteElo "2515"]
[BlackElo "2470"]
[PlyCount "118"]
[Source "Perpetual Check"]

1. b3 Nf6 2. Bb2 g6 3. g3 Bg7 4. Bg2 O-O 5. Nf3 d6 6. d4 Nc6 7. O-O Bd7 8. Nbd2
Qc8 9. c4 Bh3 10. d5 Bxg2 11. Kxg2 Nb8 12. e4 Nbd7 13. Re1 Re8 14. Qc2 c6 15.
Rac1 a6 16. Re2 Qc7 17. Qb1 Rac8 18. Rce1 Nc5 19. Ba1 e5 20. dxe6 Nxe6 21. e5
Nh5 22. exd6 Qxd6 23. Ne4 Qf8 24. Kg1 f5 25. Bxg7 Nhxg7 26. Ned2 Qf6 27. Re5
Ng5 28. Rxe8+ Rxe8 29. Rxe8+ Nxe8 30. Nxg5 Qxg5 31. Qd3 Qe7 32. Nf3 Nf6 33. Qd4
h6 34. Qe5 Qxe5 35. Nxe5 g5 36. c5 Kf8 37. f3 Ke7 38. Nc4 Nd7 39. b4 Ke6 40.
Kf2 Ne5 41. Nb2 Kd5 42. a3 a5 43. Ke2 Nc4 44. Nd3 Nxa3 45. bxa5 Nc4 46. a6 bxa6
47. Nb4+ Kxc5 48. Nxa6+ Kd4 49. Nc7 Nd6 50. Ne6+ Kd5 51. Nc7+ Kc4 52. h4 gxh4
53. gxh4 c5 54. Ke3 Kb3 55. Nd5 c4 56. Kd4 h5 57. Nc3 Kc2 58. Nd5 Kd2 59. f4
Ke2 1/2-1/2

[Event "1st Novi Sad it"]
[Site "Novi Sad"]
[Date "1972.10.28"]
[EventDate "1972.10.23"]
[Round "5.3"]
[White "Byrne, Donald"]
[Black "Rakic, Tomislav"]
[Result "1-0"]
[WhiteElo "2470"]
[BlackElo "2440"]
[PlyCount "57"]
[Source "Perpetual Check"]

1. g3 g6 2. Bg2 Bg7 3. c4 e5 4. Nc3 Ne7 5. Nf3 O-O 6. O-O Nbc6 7. Rb1 d6 8. d3
f5 9. Bd2 a5 10. a3 h6 11. b4 axb4 12. axb4 Nd4 13. Nxd4 exd4 14. Nd5 c6 15.
Nxe7+ Qxe7 16. Re1 Qf6 17. b5 c5 18. Ra1 Rxa1 19. Qxa1 f4 20. gxf4 Qh4 21. Qa7
g5 22. Bxb7 Bh3 23. Bf3 gxf4 24. b6 Be5 25. b7 d5 26. Qxc5 Rf5 27. Qxd5+ Kg7
28. Kh1 Bg4 29. Bxg4 1-0

[Event "1st Novi Sad it"]
[Site "Novi Sad"]
[Date "1972.10.28"]
[EventDate "1972.10.23"]
[Round "5.4"]
[White "Maric, Rudolf"]
[Black "Benko, Pal"]
[Result "1/2-1/2"]
[WhiteElo "2425"]
[BlackElo "2515"]
[PlyCount "24"]
[Source "Perpetual Check"]

1. e4 c5 2. c3 e6 3. d4 d5 4. exd5 exd5 5. Nf3 Bd6 6. dxc5 Bxc5 7. Bb5+ Nc6 8.
O-O Nge7 9. Nbd2 O-O 10. Nb3 Bb6 11. Nbd4 Bg4 12. Qa4 Bd7 1/2-1/2

[Event "1st Novi Sad it"]
[Site "Novi Sad"]
[Date "1972.10.28"]
[EventDate "1972.10.23"]
[Round "5.6"]
[White "Ivkov, Borislav"]
[Black "Rossolimo, Nicolas"]
[Result "1-0"]
[WhiteElo "2520"]
[BlackElo "2450"]
[PlyCount "98"]
[Source "Perpetual Check"]

1. c4 Nf6 2. Nf3 c6 3. Nc3 d5 4. e3 g6 5. d4 Bg7 6. Bd3 O-O 7. O-O Re8 8. h3
Nbd7 9. cxd5 cxd5 10. Qb3 e5 11. dxe5 Nxe5 12. Be2 Nc6 13. Rd1 Na5 14. Qa4 Bd7
15. Bb5 Bxb5 16. Qxb5 a6 17. Qd3 Qb6 18. b3 Rad8 19. Bb2 Nc6 20. Rac1 Qa7 21.
Ne2 Qb8 22. Nf4 Nb4 23. Qb1 Qd6 24. a3 Nc6 25. Bxf6 Qxf6 26. Nxd5 Qb2 27. Qxb2
Bxb2 28. Rb1 Bg7 29. Rd3 Kf8 30. Rbd1 Ne7 31. Nxe7 Kxe7 32. Rxd8 Rxd8 33. Rxd8
Kxd8 34. Kf1 b5 35. Ke2 Kc7 36. Ng5 Bf8 37. b4 a5 38. bxa5 Bxa3 39. Nxf7 Be7
40. Kd3 Kb7 41. f4 Ka6 42. Ne5 Bd6 43. Nc6 Kb7 44. Nd4 Ka6 45. Nb3 Bc7 46. g4
Kb7 47. f5 gxf5 48. gxf5 Be5 49. Ke4 Bc3 1-0

[Event "1st Novi Sad it"]
[Site "Novi Sad"]
[Date "1972.10.28"]
[EventDate "1972.10.23"]
[Round "5.7"]
[White "Minev, Nikolai"]
[Black "Deze, Anton"]
[Result "1/2-1/2"]
[WhiteElo "2430"]
[BlackElo "2395"]
[PlyCount "112"]
[Source "Perpetual Check"]

1. e4 c5 2. Nf3 Nc6 3. Bb5 g6 4. O-O Bg7 5. c3 e5 6. Na3 Nge7 7. Nc2 O-O 8. d4
cxd4 9. cxd4 exd4 10. Ncxd4 Nxd4 11. Nxd4 d5 12. Nb3 dxe4 13. Bg5 Qxd1 14.
Raxd1 Nc6 15. Nc5 Bxb2 16. Nxe4 Be6 17. Nc5 Nd4 18. Bd3 Bf5 19. Bxf5 Nxf5 20.
Nxb7 h6 21. Bf4 g5 22. Bd6 Nxd6 23. Nxd6 Rfd8 24. Nf5 Kh7 25. g4 Bf6 26. Kg2
Rxd1 27. Rxd1 Rd8 28. Rxd8 Bxd8 29. Kf3 Kg6 30. Ke4 h5 31. h3 hxg4 32. hxg4 Kf6
33. Kd5 Bb6 34. f3 Bf2 35. a4 a5 36. Nd6 Be1 37. Ne4+ Kg6 38. Nc5 f5 39. Ke6
fxg4 40. fxg4 Bb4 41. Nd3 Bd2 42. Ne5+ Kg7 43. Nd7 Kg6 44. Nf6 Bc1 45. Ne8 Bd2
46. Nc7 Bc1 47. Nb5 Bd2 48. Nd6 Bb4 49. Nc4 Bc3 50. Ne5+ Kg7 51. Kd5 Kf6 52.
Nc6 Be1 53. Kc4 Ke6 54. Kb5 Kd5 55. Nxa5 Ke4 56. Nc6 Kf4 1/2-1/2

[Event "1st Novi Sad it"]
[Site "Novi Sad"]
[Date "1972.10.28"]
[EventDate "1972.10.23"]
[Round "5.8"]
[White "Radulov, Ivan"]
[Black "Masic, Ljubomir"]
[Result "1-0"]
[WhiteElo "2490"]
[BlackElo "2390"]
[PlyCount "93"]
[Source "Perpetual Check"]

1. e4 c5 2. Nf3 e6 3. d4 cxd4 4. Nxd4 Nc6 5. Nc3 Qc7 6. Be3 a6 7. Bd3 Nf6 8.
O-O Ne5 9. h3 Bc5 10. Qe2 d6 11. f4 Ng6 12. Nb3 Bxe3+ 13. Qxe3 O-O 14. e5 dxe5
15. Bxg6 hxg6 16. fxe5 Nd7 17. Rae1 b5 18. Nd4 Bb7 19. Nd1 Rac8 20. Nf2 Nb6 21.
Ng4 Nd5 22. Qg5 Qd8 23. Qd2 Qh4 24. c3 Qh5 25. a4 g5 26. Rf2 Rfd8 27. Kh2 Nf4
28. Re3 Qg6 29. Rg3 Nh5 30. Re3 Nf4 31. Qd1 Rc7 32. Qf1 Bd5 33. Rxf4 gxf4 34.
Qxf4 Kf8 35. Rg3 Qh7 36. Ne3 Re7 37. Rg4 Bb7 38. Rh4 Qg8 39. Rh5 Ke8 40. Rg5
Qh7 41. Qg3 Kf8 42. Qg4 g6 43. Qf4 Bd5 44. Ng4 Rb7 45. Nf6 Qh8 46. Rg4 Ke7 47.
Qg5 1-0

[Event "1st Novi Sad it"]
[Site "Novi Sad"]
[Date "1972.10.29"]
[EventDate "1972.10.23"]
[Round "6.2"]
[White "Deze, Anton"]
[Black "Radulov, Ivan"]
[Result "1/2-1/2"]
[WhiteElo "2395"]
[BlackElo "2490"]
[PlyCount "22"]
[Source "Perpetual Check"]

1. c4 Nf6 2. Nc3 g6 3. d4 Bg7 4. e4 d6 5. Be2 O-O 6. Bg5 h6 7. Be3 e5 8. dxe5
dxe5 9. Qxd8 Rxd8 10. Nd5 Nxd5 11. cxd5 c6 1/2-1/2

[Event "1st Novi Sad it"]
[Site "Novi Sad"]
[Date "1972.10.29"]
[EventDate "1972.10.23"]
[Round "6.3"]
[White "Rossolimo, Nicolas"]
[Black "Minev, Nikolai"]
[Result "1/2-1/2"]
[WhiteElo "2450"]
[BlackElo "2430"]
[PlyCount "64"]
[Source "Perpetual Check"]

1. e4 c5 2. Nc3 Nc6 3. f4 e6 4. Nf3 Nge7 5. g3 d5 6. Bg2 dxe4 7. Nxe4 Nf5 8. b3
Be7 9. Bb2 O-O 10. O-O Nfd4 11. Nxd4 Nxd4 12. d3 Rb8 13. Qd2 f5 14. Nf2 Bf6 15.
Rae1 Qc7 16. Nd1 Bd7 17. Ne3 b5 18. c3 Nc6 19. d4 cxd4 20. cxd4 Ne7 21. d5 Bxb2
22. Qxb2 exd5 23. Nxd5 Nxd5 24. Bxd5+ Kh8 25. Re5 Rbe8 26. Rfe1 h6 27. Qd4 Rxe5
28. Rxe5 Re8 29. b4 Rxe5 30. fxe5 Qc1+ 31. Kg2 Bc6 32. Bxc6 Qxc6+ 1/2-1/2

[Event "1st Novi Sad it"]
[Site "Novi Sad"]
[Date "1972.10.29"]
[EventDate "1972.10.23"]
[Round "6.4"]
[White "Lengyel, Levente"]
[Black "Ivkov, Borislav"]
[Result "1/2-1/2"]
[WhiteElo "2455"]
[BlackElo "2520"]
[PlyCount "35"]
[Source "Perpetual Check"]

1. d4 Nf6 2. c4 e6 3. Nf3 d5 4. Nc3 Be7 5. Bg5 O-O 6. e3 Ne4 7. Bxe7 Qxe7 8.
Qc2 Nxc3 9. Qxc3 c6 10. Bd3 Nd7 11. O-O Re8 12. Rac1 e5 13. dxe5 Nxe5 14. Nxe5
Qxe5 15. Qxe5 Rxe5 16. cxd5 Rxd5 17. Bc4 Rd8 18. Rfd1 1/2-1/2

[Event "1st Novi Sad it"]
[Site "Novi Sad"]
[Date "1972.10.29"]
[EventDate "1972.10.23"]
[Round "6.6"]
[White "Rakic, Tomislav"]
[Black "Maric, Rudolf"]
[Result "0-1"]
[WhiteElo "2440"]
[BlackElo "2425"]
[PlyCount "68"]
[Source "Perpetual Check"]

1. d4 Nf6 2. Nf3 d5 3. Bf4 e6 4. Nbd2 c5 5. e3 Nc6 6. c3 Bd6 7. Bd3 Qc7 8. Bg5
e5 9. Bxf6 gxf6 10. e4 cxd4 11. cxd4 Bg4 12. dxe5 Nxe5 13. Qa4+ Bd7 14. Bb5
dxe4 15. Nxe4 Nxf3+ 16. gxf3 Be5 17. f4 Bxb2 18. Rb1 O-O-O 19. Bxd7+ Rxd7 20.
O-O Qxf4 21. f3 Bd4+ 22. Kh1 Be5 23. Rf2 Rhd8 24. Qb3 b6 25. a4 f5 26. Ng3 Rd2
27. Ne2 Qh4 28. Rg2 R8d3 29. Qxf7 Rd1+ 30. Ng1 Rxb1 31. Rg8+ Rd8 32. Qxf5+ Kb7
33. Qf7+ Ka6 34. Qc4+ Qxc4 0-1

[Event "1st Novi Sad it"]
[Site "Novi Sad"]
[Date "1972.10.30"]
[EventDate "1972.10.23"]
[Round "7.2"]
[White "Byrne, Donald"]
[Black "Planinc, Albin"]
[Result "0-1"]
[WhiteElo "2470"]
[BlackElo "2520"]
[PlyCount "56"]
[Source "Perpetual Check"]

1. g3 e5 2. c4 Nf6 3. Nc3 c6 4. Nf3 d6 5. Bg2 Nbd7 6. O-O Be7 7. Rb1 O-O 8. b4
d5 9. b5 cxb5 10. Nxd5 Nxd5 11. cxd5 a6 12. Bb2 e4 13. Ne1 Nb6 14. Bxe4 Nxd5
15. Bg2 Be6 16. a4 b4 17. Nf3 Nb6 18. d3 Bd7 19. a5 Na4 20. Ne5 Bb5 21. Bxb7
Nxb2 22. Qb3 Na4 23. Bd5 Nc3 24. Bxf7+ Kh8 25. Qe6 Bf6 26. Rxb4 Bxe5 27. Rh4
Nxe2+ 28. Kg2 Qxh4 0-1

[Event "1st Novi Sad it"]
[Site "Novi Sad"]
[Date "1972.10.30"]
[EventDate "1972.10.23"]
[Round "7.5"]
[White "Ivkov, Borislav"]
[Black "Benko, Pal"]
[Result "1/2-1/2"]
[WhiteElo "2520"]
[BlackElo "2515"]
[PlyCount "32"]
[Source "Perpetual Check"]

1. c4 e5 2. Nc3 Nc6 3. g3 g6 4. Bg2 Bg7 5. Rb1 a5 6. a3 d6 7. b4 axb4 8. axb4
Nh6 9. d3 O-O 10. e3 Bg4 11. Nge2 Qd7 12. b5 Nd8 13. h3 Be6 14. Nd5 f5 15. f4
Kh8 16. Bb2 Bxd5 1/2-1/2

[Event "1st Novi Sad it"]
[Site "Novi Sad"]
[Date "1972.10.30"]
[EventDate "1972.10.23"]
[Round "7.6"]
[White "Minev, Nikolai"]
[Black "Lengyel, Levente"]
[Result "1/2-1/2"]
[WhiteElo "2430"]
[BlackElo "2455"]
[PlyCount "38"]
[Source "Perpetual Check"]

1. d4 Nf6 2. c4 e6 3. g3 c5 4. d5 exd5 5. cxd5 d6 6. Nc3 g6 7. Bg2 Bg7 8. Nf3
O-O 9. O-O a6 10. a4 Re8 11. Nd2 Nbd7 12. Nc4 Nb6 13. Na3 Bd7 14. a5 Nc8 15.
Nc4 Bb5 16. Qb3 Bxc4 17. Qxc4 b5 18. axb6 Nxb6 19. Qd3 Qc7 1/2-1/2